El rescate en Argel en 1810 de setenta y cinco obras de arte procedentes del saqueo de Málaga y reino de Granada por el general Sebastiani / (Record no. 169281)

MARC details
000 -LEADER
campo de control de longitud fija 00744nam a22001695i 4500
001 - NÚMERO DE CONTROL
campo de control 169281
003 - IDENTIFICADOR DE NÚMERO DE CONTROL
campo de control ES-MaACL
005 - FECHA Y HORA DE LA ÚLTIMA TRANSACCIÓN
campo de control 20250809063535.0
008 - DATOS DE LONGITUD FIJA--INFORMACIÓN GENERAL
campo de control de longitud fija 080828s1996 sp |||| | spa d
100 1# - ENTRADA PRINCIPAL--NOMBRE DE PERSONA
Nombre de persona Vilar, Juan Bautista,
Fechas asociadas al nombre 1941-2018
9 (RLIN) 114797
245 13 - MENCIÓN DEL TÍTULO
Título El rescate en Argel en 1810 de setenta y cinco obras de arte procedentes del saqueo de Málaga y reino de Granada por el general Sebastiani /
Mención de responsabilidad, etc. Juan Bautista Vilar.
260 ## - PUBLICACIÓN, DISTRIBUCIÓN, ETC.
Lugar de publicación, distribución, etc. Málaga :
Nombre del editor, distribuidor, etc. Universidad de Málaga, Departamento de Historia del Arte,
Fecha de publicación, distribución, etc. 1996.
300 ## - DESCRIPCIÓN FÍSICA
Extensión P. 57-73 ;
Dimensiones 23 cm.
595 ## -
-- Separata de: Boletín de Arte nº 17, 1996.
852 ## - LOCALIZACIÓN
Ubicación ES-MaACL
Número de control de estantería 2233-F-3
itemnumber R.143870
Nota libre .- An. ms. : Ded. del autor al Ateneo de Madrid
Holdings
Estatus retirado Estado de pérdida Estado de daño No para préstamo Colección Biblioteca de origen Biblioteca actual Ubicación en estantería Fecha de adquisición Fuente de adquisición Total de préstamos Signatura topográfica completa Código de barras Visto por última vez Precio de reemplazo Tipo de ítem Koha
        Colección de folletos Biblioteca del Ateneo de Madrid Biblioteca del Ateneo de Madrid Depósito folletos 28/08/2008     2233-F-3 1177724 23/02/2023 23/02/2023 Folleto